誕生日で決まる12個の星座 - Statistics

General Stats
  • This quiz has been taken 201 times
  • The average score is 10 of 12
Answer Stats
誕生日 星座 ラテン語 % Correct
4/20~5/20 牡牛座 Taurus
92%
9/23~10/23 天秤座 Libra
91%
5/21~6/21 双子座 Gemini
85%
3/21~4/19 牡羊座 Aries
84%
10/24~11/22 蠍座 Scorpius
84%
1/20~2/18 水瓶座 Aquarius
84%
6/22~7/22 蟹座 Cancer
80%
7/23~8/22 獅子座 Leo
80%
2/19~3/20 魚座 Pisces
78%
8/23~9/22 乙女座 Virgo
77%
11/23~12/21 射手座 Sagittarius
76%
12/22~1/19 山羊座 Capricornus
75%
No matching quizzes found
Score Distribution
Percent of People with Each Score
Percentile by Number Answered
Your Score History
You have not taken this quiz